Estrategia global para la biodiversidad: pautas de acción para salvar, estudiar y usar en forma sostenible y equitativa la riqueza biótica de la tierra
Сохранить в:
| Соавтор: | |
|---|---|
| Формат: | |
| Язык: | испанский |
| Опубликовано: |
Washington, D.C
Instituto de Recursos Mundiales
1992
|
| Предметы: | |
| Метки: |
Добавить метку
Нет меток, Требуется 1-ая метка записи!
|
MARC
| LEADER | 00000nam a2200000 a 4500 | ||
|---|---|---|---|
| 001 | UCR4596 | ||
| 003 | CL-VaPUC | ||
| 008 | 980313e19920000us |||||||||||||||||spa|d | ||
| 082 | 0 | 4 | |a 577 |b INS |2 21 |
| 110 | 2 | |a Instituto de Recursos Mundiales |e author |9 404990 | |
| 245 | 1 | 0 | |a Estrategia global para la biodiversidad: pautas de acción para salvar, estudiar y usar en forma sostenible y equitativa la riqueza biótica de la tierra |
| 300 | |a 244 p | ||
| 942 | |c BK | ||
| 945 | |d 19980313 00:00:00 |a rbrito | ||
| 260 | |a Washington, D.C |b Instituto de Recursos Mundiales |c 1992 | ||
| 650 | 0 | |a Biodiversidad |9 385995 | |
| 650 | 7 | |a BIOTICA |2 CL-VaPUC |9 404991 | |
| 650 | 7 | |a CONSERVACION DE ESPECIES |2 CL-VaPUC |9 404992 | |
| 650 | 7 | |a DIVERSIDAD GENETICA |2 CL-VaPUC |9 404993 | |
| 650 | 0 | |a Política internacional |9 255813 | |
| 583 | |a last modification |c 20171114 02:26:40 |k Rodrigo Vera | ||
| 999 | |c 267517 |d 267515 | ||